| 000 | 00521nam a22001817a 4500 | ||
|---|---|---|---|
| 003 | OSt | ||
| 005 | 20211007145616.0 | ||
| 008 | 211007b |||||||| |||| 00| 0 eng d | ||
| 020 | _a9781844075935 | ||
| 040 | _cHAWASSA UNIVERSITY | ||
| 050 |
_a574.526404/HAN _b2 |
||
| 082 |
_a574.526404/HAN _b2 |
||
| 100 |
_aMOREIRA M.S. _911324 |
||
| 245 | _aA HANDBOOK OF TROPICAL SOIL BIOLOGY SAMPLIN AND CHARACTERIZATION OF BELOW GROUND BIODIVERSITY | ||
| 260 |
_aLONDON _bUSA _c2008 |
||
| 300 | _axiii/218 | ||
| 942 |
_2ddc _cBOOKS _n0 |
||
| 999 |
_c10459 _d10459 |
||